00433cam a2200157ua 4500001000400000008003900004040000900043082000800052245005600060250001000116260003600126300002400162653002200186653003900208700002800247376110330n ii |||gr||||Z||||||eng cMAIN a3411 aInternational law and human rightscby H.O. Agarwal a11th. aAllahabad:bCentral law,c2004. axxxvi, 920p:c55cm. aPolitical science aInternational law and human rights aAgarwal, H.O.,eAuthor.